|
|
|
|
| LEADER |
00000cam a2200000 a 4500 |
| 001 |
vtls008339120 |
| 003 |
SK-MaSNL |
| 005 |
20260331205126.0 |
| 008 |
250414s1976 xo o gr 000 0 slo |
| 015 |
|
|
|a SNBA1975/12-03260
|
| 035 |
|
|
|a SK01SNK19750031337
|
| 035 |
|
|
|a 5B96362A-6EF0-4044-BD47-5D01FC6D1566
|
| 035 |
|
|
|a urn:nbn:sk:snk-am00idm4
|
| 035 |
|
|
|a SKM000033800
|
| 040 |
|
|
|a SNK
|b slo
|c SNK
|e AACR2
|
| 041 |
0 |
|
|a slo
|
| 044 |
|
|
|a xo
|c SK
|
| 072 |
|
7 |
|a 630
|x Lesníctvo
|2 konspekt
|
| 072 |
|
7 |
|a 502
|x Životné prostredie a jeho ochrana
|2 konspekt
|
| 080 |
|
|
|a 630*10
|2 2011
|
| 080 |
|
|
|a 630
|2 2001
|
| 080 |
|
|
|a 639.1
|2 2011
|
| 080 |
|
|
|a 502.2
|2 2011
|
| 080 |
|
|
|a 591.9
|2 2011
|
| 080 |
|
|
|a (084.12)
|2 2011
|
| 100 |
1 |
|
|a Hirner, Anton,
|d 1915-1992
|4 pht
|9 39001
|
| 245 |
1 |
0 |
|a Lesnými zákutiami
|c autor obrazovej časti Anton Hirner ; autor textovej časti Ladislav Kuchta
|
| 250 |
|
|
|a 1. vyd.
|
| 260 |
|
|
|a Bratislava
|b Príroda
|c 1976
|e Martin
|f Tlačiarne SNP
|
| 300 |
|
|
|a 205 strán
|b fotografie
|c 25 cm
|
| 366 |
|
|
|e 8000 výtl.
|
| 500 |
|
|
|a Fotografia na frontispice
|
| 650 |
0 |
7 |
|a lesy
|2 SNKPH
|9 1437
|
| 650 |
0 |
7 |
|a lesníctvo
|2 SNKPH
|9 1255
|
| 650 |
0 |
7 |
|a poľovníctvo
|2 SNKPH
|9 2774
|
| 650 |
0 |
7 |
|a príroda
|2 SNKPH
|9 3813
|
| 650 |
0 |
7 |
|a fauna
|2 SNKPH
|9 3748
|
| 650 |
0 |
7 |
|a Forests
|2 SNKPHeng
|9 276135
|
| 650 |
0 |
7 |
|a Forestry
|2 SNKPHeng
|9 265216
|
| 650 |
0 |
7 |
|a Hunting
|2 SNKPHeng
|9 265411
|
| 650 |
0 |
7 |
|a Nature
|2 SNKPHeng
|9 267314
|
| 650 |
0 |
7 |
|a Animals
|2 SNKPHeng
|9 267568
|
| 655 |
|
7 |
|a fotografické publikácie
|2 SNKPH
|9 70483
|
| 655 |
|
7 |
|a Photographical works
|2 SNKPHeng
|9 278887
|
| 700 |
1 |
|
|a Kuchta, Ladislav,
|d 1927-1982
|4 aut
|9 102027
|
| 852 |
|
|
|a Slovenská národná knižnica
|
| 954 |
|
|
|a obrazové publikácie zamerané na výtv. umenie a fotografiu pôvodné (slovenské)
|2 lita
|
| 958 |
|
|
|a OND
|
| 958 |
|
|
|a TL
|
| 958 |
|
|
|a RK
|
| 958 |
|
|
|a EUIPO
|
| 999 |
|
|
|c 821621
|d 823551
|
| 952 |
|
|
|a SNK
|b SNK
|y VYP
|7 0
|p 17A0500149
|o snkSC 38077 D1
|i snkKSP 746/76
|0 0
|1 0
|4 0
|d 2006-03-14
|l 0
|r 2026-02-24 03:09:01
|w 2026-02-24
|
| 952 |
|
|
|a SNK
|b SNK
|y PREZ
|7 0
|p 17A0960851
|o snkSC 38077
|i snkKSP 745/76
|0 0
|1 0
|4 0
|d 2012-11-27
|f 1
|l 0
|r 2025-10-10 00:00:00
|w 2026-02-24
|